[Event "Stay Safe Play From Home 396"]
[Site "Emanuel Lasker Arena"]
[Date "2020.08.19"]
[Round "1"]
[White "Mepe_Nika"]
[Black "Tunca"]
[Result "1-0"]
[WhiteElo "2377"]
[BlackElo "1723"]
[PlyCount "39"]
[EventDate "2020.08.19"]
[EventType "swiss (blitz)"]

1. d4 {[%emt 0:00:02]} d5 {[%emt 0:00:01]} 2. Bf4 {[%emt 0:00:02]} Nf6 {[%emt 0:00:03]} 3. e3 {[%emt 0:00:01]} e6 {[%emt 0:00:09]} 4. c4 {[%emt 0:00:02]} Be7 {[%emt 0:00:06]} 5. Nc3 {[%emt 0:00:01]} O-O {[%emt 0:00:03]} 6. Nf3 {[%emt 0:00:00]} Re8 {[%emt 0:00:05]} 7. Qc2 {[%emt 0:00:02]} Nbd7 {[%emt 0:00:06]} 8. c5 {[%emt 0:00:05]} a6 {[%emt 0:00:51]} 9. Bd3 {[%emt 0:00:03]} Nf8 {[%emt 0:00:03]} 10. h3 {[%emt 0:00:05]} Ng6 {[%emt 0:00:04]} 11. Bh2 {[%emt 0:00:02]} Bd7 {[%emt 0:00:16]} 12. b4 {[%emt 0:00:01]} b6 {[%emt 0:00:32]} 13. O-O {[%emt 0:00:03]} a5 {[%emt 0:00:28]} 14. a3 {[%emt 0:00:02]} axb4 {[%emt 0:00:19]} 15. axb4 {[%emt 0:00:00]} Bf8 {[%emt 0:00:12]} 16. Rxa8 {[%emt 0:00:05]} Qxa8 {[%emt 0:00:00]} 17. Bxc7 {[%emt 0:00:01]} bxc5 {[%emt 0:00:02]} 18. bxc5 {[%emt 0:00:00]} e5 {[%emt 0:00:32]} 19. Nxe5 {[%emt 0:00:05]} Nxe5 {[%emt 0:00:08]} 20. Bxe5 {[%emt 0:00:00] Tunca resigns Tunca resigns Tunca resigns (Lag: Av=0.51s, max=0.6s) (Lag: Av=0.51s, max=0.6s) (Lag: Av=0.51s, max=0.6s)} 1-0

[Event "Stay Safe Play From Home 396"]
[Site "Emanuel Lasker Arena"]
[Date "2020.08.19"]
[Round "1"]
[White "Ionelluca"]
[Black "Kongle"]
[Result "1-0"]
[WhiteElo "2041"]
[BlackElo "1757"]
[Annotator "NA"]
[PlyCount "71"]
[EventDate "2020.08.19"]
[EventType "swiss (blitz)"]

1. e4 {[%emt 0:00:02]} d5 {[%emt 0:00:08]} 2. exd5 {[%emt 0:00:05]} Qxd5 {[%emt 0:00:01]} 3. h3 {[%emt 0:00:01]} Nf6 {[%emt 0:00:03]} 4. Nf3 {[%emt 0:00:02]} Bf5 {[%emt 0:00:08]} 5. Nc3 {[%emt 0:00:01]} Qd6 {[%emt 0:00:02]} 6. d3 {[%emt 0:00:10]} h6 {[%emt 0:00:09]} 7. Be2 {[%emt 0:00:07]} e6 {[%emt 0:00:01]} 8. Be3 {[%emt 0:00:04]} a6 {[%emt 0:00:02]} 9. Qd2 {[%emt 0:00:02]} Be7 {[%emt 0:00:02]} 10. Bf4 {[%emt 0:00:03]} Qd7 {[%emt 0:00:02]} 11. Ne5 {[%emt 0:00:05]} Qd4 {[%emt 0:00:04]} 12. Bf3 {[%emt 0:00:33]} c6 {[%emt 0:00:06]} 13. O-O {[%emt 0:00:08]} g5 {[%emt 0:00:03]} 14. Bh2 {[%emt 0:00:03]} Nbd7 {[%emt 0:00:03]} 15. Rfe1 {[%emt 0:00:04]} Nxe5 {[%emt 0:00:23]} 16. Bxe5 {[%emt 0:00:03]} Qb4 {[%emt 0:00:05]} 17. Rad1 {[%emt 0:00:07]} O-O-O {[%emt 0:00:11]} 18. a3 {[%emt 0:00:16]} Qa5 {[%emt 0:00:09]} 19. Nd5 {[%emt 0:00:24]} Rxd5 {[%emt 0:00:04]} 20. Bxd5 {[%emt 0:00:14]} Qxd5 {[%emt 0:00:08]} 21. Qc3 {[%emt 0:00:01]} Nh5 {[%emt 0:01:26]} 22. Bxh8 {[%emt 0:00:07]} Nf4 {[%emt 0:00:01]} 23. f3 {[%emt 0:00:07]} Bxh3 {[%emt 0:00:15]} 24. Re5 {[%emt 0:00:19]} Qd8 {[%emt 0:00:07]} 25. Re4 {[%emt 0:00:17]} Bxg2 {[%emt 0:00:22]} 26. Rxf4 {[%emt 0:00:04]} gxf4 {[%emt 0:00:07]} 27. Kxg2 {[%emt 0:00:01]} Bh4 {[%emt 0:00:06]} 28. Qg7 {[%emt 0:00:05]} f6 {[%emt 0:00:19]} 29. Rh1 {[%emt 0:00:14]} Bg3 {[%emt 0:00:03]} 30. Rxh6 {[%emt 0:00:17]} Qd4 {[%emt 0:00:07]} 31. Qxf6 {[%emt 0:00:13]} Qf2+ {[%emt 0:00:04]} 32. Kh3 {[%emt 0:00:01]} Qh2+ {[%emt 0:00:03]} 33. Kg4 {[%emt 0:00:01]} Bh4 {[%emt 0:00:03]} 34. Qxe6+ {[%emt 0:00:02]} Kc7 {[%emt 0:00:02]} 35. Be5+ {[%emt 0:00:05]} Kb6 {[%emt 0:00:01] ' ' '} 36. Bd4+ {[%emt 0:00:01] Time Time Time (Lag: Av=1.04s, max=5.4s) (Lag: Av=1.04s, max=5.4s) (Lag: Av=1.04s, max=5.4s)} 1-0

[Event "Stay Safe Play From Home 396"]
[Site "Emanuel Lasker Arena"]
[Date "2020.08.19"]
[Round "1"]
[White "Padmaesh M K"]
[Black "Hickey"]
[Result "1-0"]
[WhiteElo "1817"]
[BlackElo "2139"]
[PlyCount "109"]
[EventDate "2020.08.19"]
[EventType "swiss (blitz)"]

1. Nf3 {[%emt 0:00:04]} Nf6 {[%emt 0:00:02]} 2. g3 {[%emt 0:00:01]} b6 {[%emt 0:00:01]} 3. Bg2 {[%emt 0:00:02]} Bb7 {[%emt 0:00:00]} 4. O-O {[%emt 0:00:07]} c5 {[%emt 0:00:00]} 5. c4 {[%emt 0:00:03]} e6 {[%emt 0:00:01]} 6. Nc3 {[%emt 0:00:01]} Be7 {[%emt 0:00:01]} 7. d4 {[%emt 0:00:05]} cxd4 {[%emt 0:00:00]} 8. Qxd4 {[%emt 0:00:01]} d6 {[%emt 0:00:04]} 9. Bg5 {[%emt 0:00:05]} Nbd7 {[%emt 0:00:04]} 10. Rad1 {[%emt 0:00:04]} a6 {[%emt 0:00:03]} 11. e4 {[%emt 0:00:17]} O-O {[%emt 0:00:03]} 12. e5 {[%emt 0:00:10]} dxe5 {[%emt 0:00:34]} 13. Nxe5 {[%emt 0:00:02]} Bxg2 {[%emt 0:00:00]} 14. Kxg2 {[%emt 0:00:06]} Nxe5 {[%emt 0:00:04]} 15. Qxe5 {[%emt 0:00:00]} Qc8 {[%emt 0:00:01]} 16. b3 {[%emt 0:00:09]} Qb7+ {[%emt 0:00:17]} 17. Kg1 {[%emt 0:00:03]} Rfc8 {[%emt 0:00:05]} 18. Rd3 {[%emt 0:00:09]} h6 {[%emt 0:00:04]} 19. Bxf6 {[%emt 0:00:13]} Bxf6 {[%emt 0:00:00]} 20. Qe3 {[%emt 0:00:04]} Be7 {[%emt 0:00:41]} 21. Ne4 {[%emt 0:00:32]} Rc7 {[%emt 0:00:04]} 22. Rfd1 {[%emt 0:00:04]} Rac8 {[%emt 0:00:10]} 23. Nd6 {[%emt 0:00:22]} Bxd6 {[%emt 0:00:04]} 24. Rxd6 {[%emt 0:00:00]} b5 {[%emt 0:00:00]} 25. cxb5 {[%emt 0:00:17]} axb5 {[%emt 0:00:03]} 26. Rb6 {[%emt 0:00:44]} Qa7 {[%emt 0:00:21]} 27. Rxb5 {[%emt 0:00:20]} Qxa2 {[%emt 0:00:04]} 28. Rb6 {[%emt 0:00:07]} Qc2 {[%emt 0:00:56]} 29. Qd2 {[%emt 0:00:15]} Qe4 {[%emt 0:00:06]} 30. Qd4 {[%emt 0:00:05]} Qf3 {[%emt 0:00:10]} 31. b4 {[%emt 0:00:05]} Rc1 {[%emt 0:00:04]} 32. Rd6 {[%emt 0:00:01]} Rxd1+ {[%emt 0:00:17]} 33. Qxd1 {[%emt 0:00:00]} Qa3 {[%emt 0:00:02]} 34. Rd8+ {[%emt 0:00:05]} Rxd8 {[%emt 0:00:02]} 35. Qxd8+ {[%emt 0:00:00]} Kh7 {[%emt 0:00:00]} 36. Qb6 {[%emt 0:00:02]} e5 {[%emt 0:00:04]} 37. b5 {[%emt 0:00:01]} e4 {[%emt 0:00:01]} 38. Qb7 {[%emt 0:00:02]} f5 {[%emt 0:00:02]} 39. Qd5 {[%emt 0:00:03]} Qf3 {[%emt 0:00:06]} 40. b6 {[%emt 0:00:02]} Qe2 {[%emt 0:00:13]} 41. b7 {[%emt 0:00:01]} Qe1+ {[%emt 0:00:01]} 42. Kg2 {[%emt 0:00:01]} e3 {[%emt 0:00:00]} 43. Qxf5+ {[%emt 0:00:01]} g6 {[%emt 0:00:01]} 44. b8=Q {[%emt 0:00:00]} gxf5 {[%emt 0:00:02]} 45. Qc7+ {[%emt 0:00:00]} Kg6 {[%emt 0:00:01]} 46. Qd6+ {[%emt 0:00:00]} Kh7 {[%emt 0:00:00]} 47. Qe7+ {[%emt 0:00:01]} Kg6 {[%emt 0:00:01]} 48. Qe6+ {[%emt 0:00:00]} Kh7 {[%emt 0:00:01]} 49. Qe7+ {[%emt 0:00:00]} Kg6 {[%emt 0:00:01]} 50. Qe6+ {[%emt 0:00:00]} Kh7 {[%emt 0:00:00]} 51. Qxf5+ {[%emt 0:00:01]} Kg7 {[%emt 0:00:01]} 52. Qe5+ {[%emt 0:00:00]} Kh7 {[%emt 0:00:00]} 53. Qxe3 {[%emt 0:00:00]} Qa1 {[%emt 0:00:00]} 54. Qe4+ {[%emt 0:00:00]} Kg7 {[%emt 0:00:01]} 55. Qe7+ {[%emt 0:00:00] Time Time Time (Lag: Av=0.77s, max=3.5s) (Lag: Av=0.77s, max=3.5s) (Lag: Av=0.77s, max=3.5s)} 1-0

[Event "Stay Safe Play From Home 396"]
[Site "Emanuel Lasker Arena"]
[Date "2020.08.19"]
[Round "1"]
[White "Johni"]
[Black "Dreamsoldier"]
[Result "1-0"]
[WhiteElo "1759"]
[BlackElo "1534"]
[Annotator "NA"]
[PlyCount "26"]
[EventDate "2020.08.19"]
[EventType "swiss (blitz)"]

1. e4 {[%emt 0:00:01]} Nf6 {[%emt 0:00:03]} 2. e5 {[%emt 0:00:01]} Nd5 {[%emt 0:00:01]} 3. Nf3 {[%emt 0:00:02]} d6 {[%emt 0:00:01]} 4. d4 {[%emt 0:00:03]} Nc6 {[%emt 0:00:05]} 5. Be2 {[%emt 0:00:05]} g6 {[%emt 0:00:02]} 6. Nc3 {[%emt 0:00:04]} Nxc3 {[%emt 0:01:46]} 7. bxc3 {[%emt 0:00:05]} Bg7 {[%emt 0:00:02]} 8. O-O {[%emt 0:00:07]} O-O {[%emt 0:00:02]} 9. Bf4 {[%emt 0:00:13]} Bg4 {[%emt 0:00:01]} 10. exd6 {[%emt 0:00:07]} exd6 {[%emt 0:00:01]} 11. Rb1 {[%emt 0:00:04]} Rb8 {[%emt 0:00:05]} 12. h3 {[%emt 0:00:01]} Bxf3 {[%emt 0:00:01]} 13. Bxf3 {[%emt 0:00:01]} Qc8 {[%emt 0:00:01] Dreamsoldier terk eder Dreamsoldier terk eder Dreamsoldier terk eder (Lag: Av=0.44s, max=0.8s) (Lag: Av=0.44s, max=0.8s) (Lag: Av=0.44s, max=0.8s)} 1-0

[Event "Stay Safe Play From Home 396"]
[Site "Emanuel Lasker Arena"]
[Date "2020.08.19"]
[Round "1"]
[White "Erdema"]
[Black "Dukic"]
[Result "0-1"]
[WhiteElo "1678"]
[BlackElo "1722"]
[Annotator "NA"]
[PlyCount "88"]
[EventDate "2020.08.19"]
[EventType "swiss (blitz)"]

1. e4 {[%emt 0:00:02]} c6 {[%emt 0:00:01]} 2. d4 {[%emt 0:00:02]} d6 {[%emt 0:00:01]} 3. h3 {[%emt 0:00:02]} Nd7 {[%emt 0:00:03]} 4. Nc3 {[%emt 0:00:02]} e5 {[%emt 0:00:01]} 5. d5 {[%emt 0:00:04]} Ngf6 {[%emt 0:00:01]} 6. Be2 {[%emt 0:00:04]} Qa5 {[%emt 0:00:02]} 7. dxc6 {[%emt 0:00:10]} bxc6 {[%emt 0:00:03]} 8. Bd2 {[%emt 0:00:02]} Qb6 {[%emt 0:00:05]} 9. Rb1 {[%emt 0:00:05]} a5 {[%emt 0:00:05]} 10. Nf3 {[%emt 0:00:03]} Be7 {[%emt 0:00:11]} 11. Be3 {[%emt 0:00:02]} Qc7 {[%emt 0:00:13]} 12. O-O {[%emt 0:00:04]} O-O {[%emt 0:00:05]} 13. a3 {[%emt 0:00:03]} Bb7 {[%emt 0:00:08]} 14. Re1 {[%emt 0:00:07]} d5 {[%emt 0:00:02]} 15. exd5 {[%emt 0:00:03]} cxd5 {[%emt 0:00:01]} 16. Nb5 {[%emt 0:00:06]} Qc6 {[%emt 0:00:11]} 17. c3 {[%emt 0:00:19]} a4 {[%emt 0:00:11]} 18. Nh4 {[%emt 0:00:15]} Bc5 {[%emt 0:00:03]} 19. Bxc5 {[%emt 0:00:10]} Nxc5 {[%emt 0:00:03]} 20. c4 {[%emt 0:00:05]} dxc4 {[%emt 0:00:11]} 21. Nc3 {[%emt 0:00:08]} Rfd8 {[%emt 0:00:08]} 22. Qc2 {[%emt 0:00:03]} Nd3 {[%emt 0:00:16]} 23. Bf3 {[%emt 0:00:16]} Nxe1 {[%emt 0:00:10]} 24. Bxc6 {[%emt 0:00:06]} Nxc2 {[%emt 0:00:02]} 25. Bxb7 {[%emt 0:00:02]} Rab8 {[%emt 0:00:02]} 26. Bf3 {[%emt 0:00:04]} Rd2 {[%emt 0:00:07]} 27. Nxa4 {[%emt 0:00:08]} Nxa3 {[%emt 0:00:03]} 28. Rf1 {[%emt 0:00:08]} Nc2 {[%emt 0:00:04]} 29. Nf5 {[%emt 0:00:08]} e4 {[%emt 0:00:03]} 30. Bg4 {[%emt 0:00:08]} Rb4 {[%emt 0:00:11]} 31. Nc5 {[%emt 0:00:07]} Rxb2 {[%emt 0:00:06]} 32. Nd6 {[%emt 0:00:08]} Rxd6 {[%emt 0:00:07]} 33. Kh2 {[%emt 0:00:16]} g6 {[%emt 0:00:02]} 34. Bd1 {[%emt 0:00:05]} Rd2 {[%emt 0:00:07]} 35. g4 {[%emt 0:00:05]} Nd4 {[%emt 0:00:02]} 36. Kg3 {[%emt 0:00:05]} c3 {[%emt 0:00:04]} 37. g5 {[%emt 0:00:03]} Nd5 {[%emt 0:00:21]} 38. Nxe4 {[%emt 0:00:04]} Rd3+ {[%emt 0:00:01]} 39. f3 {[%emt 0:00:08]} c2 {[%emt 0:00:02]} 40. Bxc2 {[%emt 0:00:03]} Rxc2 {[%emt 0:00:02]} 41. Ra1 {[%emt 0:00:06]} Rxf3+ {[%emt 0:00:02]} 42. Kg4 {[%emt 0:00:05]} Rg2+ {[%emt 0:00:05]} 43. Ng3 {[%emt 0:00:08]} Rgxg3+ {[%emt 0:00:02]} 44. Kh4 {[%emt 0:00:02]} Nf5# {[%emt 0:00:01] (Lag: Av=0.55s, max=1.1s) (Lag: Av=0.55s, max=1.1s) (Lag: Av=0.55s, max=1.1s)} 0-1

[Event "Stay Safe Play From Home 396"]
[Site "Emanuel Lasker Arena"]
[Date "2020.08.19"]
[Round "1"]
[White "Matematyk3"]
[Black "Haris kollari 13"]
[Result "0-1"]
[WhiteElo "1482"]
[BlackElo "1899"]
[Annotator "NA"]
[PlyCount "82"]
[EventDate "2020.08.19"]
[EventType "swiss (blitz)"]

1. c4 {[%emt 0:00:04]} b6 {[%emt 0:00:02]} 2. Nc3 {[%emt 0:00:02]} Bb7 {[%emt 0:00:01]} 3. Nf3 {[%emt 0:00:02]} g6 {[%emt 0:00:01]} 4. d4 {[%emt 0:00:01]} Bg7 {[%emt 0:00:01]} 5. e4 {[%emt 0:00:02]} d6 {[%emt 0:00:03]} 6. Be3 {[%emt 0:00:01]} Nd7 {[%emt 0:00:02]} 7. Bd3 {[%emt 0:00:01]} e5 {[%emt 0:00:01]} 8. d5 {[%emt 0:00:03]} Ne7 {[%emt 0:00:01]} 9. O-O {[%emt 0:00:02]} f5 {[%emt 0:00:03]} 10. Bg5 {[%emt 0:00:03]} h6 {[%emt 0:00:03]} 11. Bxe7 {[%emt 0:00:03]} Qxe7 {[%emt 0:00:01]} 12. exf5 {[%emt 0:00:00]} g5 {[%emt 0:00:08]} 13. Ne4 {[%emt 0:00:07]} O-O-O {[%emt 0:00:04]} 14. Bc2 {[%emt 0:00:08]} Rdf8 {[%emt 0:00:02]} 15. Ng3 {[%emt 0:00:10]} Qf7 {[%emt 0:00:05]} 16. Ba4 {[%emt 0:00:13]} Nc5 {[%emt 0:00:03]} 17. Bc2 {[%emt 0:00:05]} Bf6 {[%emt 0:00:02]} 18. Rb1 {[%emt 0:00:04]} h5 {[%emt 0:00:03]} 19. b4 {[%emt 0:00:02]} Nd7 {[%emt 0:00:02]} 20. Ba4 {[%emt 0:00:07]} h4 {[%emt 0:00:03]} 21. Ne4 {[%emt 0:00:09]} g4 {[%emt 0:00:03]} 22. Bxd7+ {[%emt 0:00:03]} Qxd7 {[%emt 0:00:09]} 23. Nxf6 {[%emt 0:00:01]} Rxf6 {[%emt 0:00:02]} 24. Ng5 {[%emt 0:00:07]} Qxf5 {[%emt 0:00:03]} 25. Ne6 {[%emt 0:00:08]} Kb8 {[%emt 0:00:01]} 26. Qa4 {[%emt 0:00:03]} Bc8 {[%emt 0:00:03]} 27. c5 {[%emt 0:00:13]} Bxe6 {[%emt 0:00:03]} 28. dxe6 {[%emt 0:00:07]} Qxe6 {[%emt 0:00:01]} 29. cxb6 {[%emt 0:00:02]} axb6 {[%emt 0:00:03]} 30. Qc6 {[%emt 0:00:05]} Qe8 {[%emt 0:00:05]} 31. Qd5 {[%emt 0:00:05]} h3 {[%emt 0:00:02]} 32. Rb3 {[%emt 0:00:06]} hxg2 {[%emt 0:00:02]} 33. Kxg2 {[%emt 0:00:02]} Qh5 {[%emt 0:00:04]} 34. Rh1 {[%emt 0:00:05]} Rf3 {[%emt 0:00:04]} 35. Rxf3 {[%emt 0:00:11]} gxf3+ {[%emt 0:00:01]} 36. Qxf3 {[%emt 0:00:00]} Rg8+ {[%emt 0:00:01]} 37. Qg3 {[%emt 0:00:07]} Rxg3+ {[%emt 0:00:02]} 38. hxg3 {[%emt 0:00:00]} Qe2 {[%emt 0:00:04]} 39. Rh8+ {[%emt 0:00:01]} Kb7 {[%emt 0:00:01]} 40. Rg8 {[%emt 0:00:08]} Qxa2 {[%emt 0:00:03]} 41. g4 {[%emt 0:00:01]} Qxg8 {[%emt 0:00:02] Matematyk3 poddaje się Matematyk3 poddaje się Matematyk3 poddaje się (Lag: Av=0.82s, max=7.0s) (Lag: Av=0.82s, max=7.0s) (Lag: Av=0.82s, max=7.0s)} 0-1

[Event "Stay Safe Play From Home 396"]
[Site "Emanuel Lasker Arena"]
[Date "2020.08.19"]
[Round "2"]
[White "Mepe_Nika"]
[Black "Greblah"]
[Result "1/2-1/2"]
[WhiteElo "2378"]
[BlackElo "1902"]
[PlyCount "98"]
[EventDate "2020.08.19"]
[EventType "swiss (blitz)"]

1. d4 {[%emt 0:00:06]} c6 {[%emt 0:00:00]} 2. e4 {[%emt 0:00:02]} d5 {[%emt 0:00:00]} 3. Nc3 {[%emt 0:00:02]} dxe4 {[%emt 0:00:01]} 4. Nxe4 {[%emt 0:00:00]} Nf6 {[%emt 0:00:01]} 5. Nxf6+ {[%emt 0:00:01]} gxf6 {[%emt 0:00:00]} 6. c3 {[%emt 0:00:06]} Bf5 {[%emt 0:00:01]} 7. Bd3 {[%emt 0:00:02]} Bg6 {[%emt 0:00:02]} 8. h4 {[%emt 0:00:02]} e6 {[%emt 0:00:02]} 9. h5 {[%emt 0:00:01]} Bxd3 {[%emt 0:00:01]} 10. Qxd3 {[%emt 0:00:00]} f5 {[%emt 0:00:07]} 11. Nf3 {[%emt 0:00:02]} Nd7 {[%emt 0:00:06]} 12. Bg5 {[%emt 0:00:01]} Be7 {[%emt 0:00:13]} 13. Bxe7 {[%emt 0:00:01]} Qxe7 {[%emt 0:00:02]} 14. O-O-O {[%emt 0:00:00]} O-O-O {[%emt 0:00:03]} 15. Kb1 {[%emt 0:00:02]} Nc5 {[%emt 0:00:07]} 16. Qe2 {[%emt 0:00:03]} Ne4 {[%emt 0:00:02]} 17. Nd2 {[%emt 0:00:02]} Nxd2+ {[%emt 0:00:11]} 18. Rxd2 {[%emt 0:00:00]} Qg5 {[%emt 0:00:02]} 19. Rd3 {[%emt 0:00:05]} Qxg2 {[%emt 0:00:14]} 20. Re1 {[%emt 0:00:03]} Rhg8 {[%emt 0:00:14]} 21. a4 {[%emt 0:00:01]} Qg4 {[%emt 0:00:04]} 22. Qe5 {[%emt 0:00:02]} Rd5 {[%emt 0:00:17]} 23. Qf6 {[%emt 0:00:01]} Qg7 {[%emt 0:00:06]} 24. Qe7 {[%emt 0:00:05]} Rd7 {[%emt 0:00:10]} 25. Qc5 {[%emt 0:00:02]} Kb8 {[%emt 0:00:04]} 26. a5 {[%emt 0:00:03]} Rd5 {[%emt 0:00:03]} 27. Qb4 {[%emt 0:00:14]} Qf8 {[%emt 0:00:02]} 28. Qa4 {[%emt 0:00:06]} Qd8 {[%emt 0:00:07]} 29. b4 {[%emt 0:00:17]} Rg4 {[%emt 0:00:06]} 30. a6 {[%emt 0:00:03]} b5 {[%emt 0:00:09]} 31. Qd1 {[%emt 0:00:09]} Qg5 {[%emt 0:00:05]} 32. Qf3 {[%emt 0:00:24]} Qxh5 {[%emt 0:00:07]} 33. Rh1 {[%emt 0:00:01]} Qg6 {[%emt 0:00:06]} 34. Rdd1 {[%emt 0:00:05]} h5 {[%emt 0:00:12]} 35. Kb2 {[%emt 0:00:06]} h4 {[%emt 0:00:06]} 36. Rh3 {[%emt 0:00:03]} Qg5 {[%emt 0:00:02]} 37. Qe2 {[%emt 0:00:17]} Rg2 {[%emt 0:00:10]} 38. Rdh1 {[%emt 0:00:04]} Qg4 {[%emt 0:00:05]} 39. Qe3 {[%emt 0:00:25]} f4 {[%emt 0:00:04]} 40. Qd2 {[%emt 0:00:02]} Rh5 {[%emt 0:00:05]} 41. Kb3 {[%emt 0:00:22]} Rh7 {[%emt 0:00:02]} 42. Qd3 {[%emt 0:00:04]} f5 {[%emt 0:00:02]} 43. Rf3 {[%emt 0:00:07]} Rg1 {[%emt 0:00:07]} 44. Rxg1 {[%emt 0:00:16]} Qxg1 {[%emt 0:00:00]} 45. Qe2 {[%emt 0:00:00]} Qb1+ {[%emt 0:00:07]} 46. Ka3 {[%emt 0:00:01]} Qa1+ {[%emt 0:00:02]} 47. Kb3 {[%emt 0:00:00]} Qb1+ {[%emt 0:00:01]} 48. Ka3 {[%emt 0:00:01]} Qa1+ {[%emt 0:00:02]} 49. Kb3 {[%emt 0:00:01]} Qb1+ {[%emt 0:00:01] (Lag: Av=0.39s, max=0.9s) (Lag: Av=0.39s, max=0.9s) (Lag: Av=0.39s, max=0.9s)} 1/2-1/2

[Event "Stay Safe Play From Home 396"]
[Site "Emanuel Lasker Arena"]
[Date "2020.08.19"]
[Round "2"]
[White "Haris kollari 13"]
[Black "Ionelluca"]
[Result "1-0"]
[WhiteElo "1902"]
[BlackElo "2046"]
[Annotator "NA"]
[PlyCount "93"]
[EventDate "2020.08.19"]
[EventType "swiss (blitz)"]

1. e4 {[%emt 0:00:01]} d6 {[%emt 0:00:01]} 2. d4 {[%emt 0:00:08]} Nf6 {[%emt 0:00:01]} 3. Nc3 {[%emt 0:00:02]} c6 {[%emt 0:00:01]} 4. f4 {[%emt 0:00:08]} Qa5 {[%emt 0:00:02]} 5. Bd3 {[%emt 0:00:03]} e5 {[%emt 0:00:01]} 6. dxe5 {[%emt 0:00:09]} dxe5 {[%emt 0:00:01]} 7. fxe5 {[%emt 0:00:01]} Ng4 {[%emt 0:00:01]} 8. Nf3 {[%emt 0:00:05]} Bc5 {[%emt 0:00:03]} 9. Rf1 {[%emt 0:00:05]} Nd7 {[%emt 0:00:04]} 10. Bf4 {[%emt 0:00:04]} Bb4 {[%emt 0:00:05]} 11. Qd2 {[%emt 0:00:01]} Ngxe5 {[%emt 0:00:07]} 12. a3 {[%emt 0:00:06]} Bxc3 {[%emt 0:00:08]} 13. Qxc3 {[%emt 0:00:02]} Qxc3+ {[%emt 0:00:05]} 14. bxc3 {[%emt 0:00:01]} f6 {[%emt 0:00:04]} 15. Bxe5 {[%emt 0:00:11]} Nxe5 {[%emt 0:00:02]} 16. Nxe5 {[%emt 0:00:01]} fxe5 {[%emt 0:00:01]} 17. O-O-O {[%emt 0:00:01]} Be6 {[%emt 0:00:02]} 18. Kb2 {[%emt 0:00:02]} Ke7 {[%emt 0:00:07]} 19. c4 {[%emt 0:00:01]} Rad8 {[%emt 0:00:02]} 20. Kc3 {[%emt 0:00:01]} Rhf8 {[%emt 0:00:02]} 21. Rb1 {[%emt 0:00:05]} b6 {[%emt 0:00:02]} 22. a4 {[%emt 0:00:01]} Rxf1 {[%emt 0:00:09]} 23. Rxf1 {[%emt 0:00:02]} Kd6 {[%emt 0:00:08]} 24. Kb4 {[%emt 0:00:03]} a5+ {[%emt 0:00:02]} 25. Kc3 {[%emt 0:00:04]} Kc5 {[%emt 0:00:01]} 26. h3 {[%emt 0:00:02]} Rd4 {[%emt 0:00:09]} 27. Rf8 {[%emt 0:00:02]} Bxc4 {[%emt 0:00:01]} 28. Re8 {[%emt 0:00:06]} Bxd3 {[%emt 0:00:49]} 29. Rxe5+ {[%emt 0:00:03]} Kd6 {[%emt 0:00:01]} 30. Kxd4 {[%emt 0:00:01]} Bxc2 {[%emt 0:00:01]} 31. Rg5 {[%emt 0:00:04]} g6 {[%emt 0:00:01]} 32. Rg4 {[%emt 0:00:08]} c5+ {[%emt 0:00:03]} 33. Ke3 {[%emt 0:00:03]} Ke5 {[%emt 0:00:02]} 34. Rg5+ {[%emt 0:00:01]} Ke6 {[%emt 0:00:02]} 35. Rd5 {[%emt 0:00:11]} Bxa4 {[%emt 0:00:05]} 36. Rd8 {[%emt 0:00:01]} b5 {[%emt 0:00:10]} 37. Rd5 {[%emt 0:00:04]} c4 {[%emt 0:00:02]} 38. Kd4 {[%emt 0:00:01]} Ke7 {[%emt 0:00:44]} 39. Rc5 {[%emt 0:00:02]} Kd6 {[%emt 0:00:03]} 40. e5+ {[%emt 0:00:01]} Kd7 {[%emt 0:00:01]} 41. Kd5 {[%emt 0:00:08]} Bb3 {[%emt 0:00:05]} 42. e6+ {[%emt 0:00:01]} Ke7 {[%emt 0:00:02]} 43. Rc7+ {[%emt 0:00:02]} Kd8 {[%emt 0:00:02]} 44. Kd6 {[%emt 0:00:01]} c3 {[%emt 0:00:02]} 45. e7+ {[%emt 0:00:01]} Ke8 {[%emt 0:00:01]} 46. Rc8+ {[%emt 0:00:01]} Kf7 {[%emt 0:00:01]} 47. e8=Q+ {[%emt 0:00:01] Ionelluca resigns Ionelluca resigns Ionelluca resigns (Lag: Av=0.55s, max=1.0s) (Lag: Av=0.55s, max=1.0s) (Lag: Av=0.55s, max=1.0s)} 1-0